| 000 | 00528nam a2200181Ia 4500 | ||
|---|---|---|---|
| 008 | 151202s9999||||xx |||||||||||||| ||und|| | ||
| 082 | _bPNVM-65192 | ||
| 100 | _aभोगले प्रभाकर. | ||
| 245 | _aशाली. | ||
| 260 | _b"मेघना प्रक ाशन, पुणे." | ||
| 260 | _c2007 | ||
| 300 | _a215 | ||
| 600 | _aभोगले प्रभाकर. | ||
| 630 | _aशाली. | ||
| 700 | _aभोगले प्रभाकर. | ||
| 730 | _aशाली. | ||
| 942 | _cBOOK | ||
| 999 |
_c1331724 _d1331721 |
||